000 00461nam a2200181Ia 4500
001 16952
005 20260306170349.0
008 260306t2001||||xx |||||||||||||| ||und||
041 _aESP
082 _a657.3
_bT19
100 _aTanaka Nakasone, Gustavo
_eAUT
245 0 _aAnálisis de estados financieros para la toma de decisiones
260 _c2001
300 _a560 páginas :
_c24 cm.
650 _aGEN
654 _aCCO
942 _cLIB
_dJUS
_fJUS
_2ddc
_n
999 _c16952
_d16952